000 00971nam0a22002891 4500
001 rc\4294494
005 20130416124156.4
021 _aRU
_b[67-61904]
035 _a(NLR Aleph) 008498153
090 _a8091853
_c8091853
100 _a20130416d1967 |||y0rusy50 ca
101 0 _arus
102 _aRU
105 _aa z |||||
200 1 _aТехника безопасности на рудных шахтах
210 _aКиев
_cТехнiка
_d1967
215 _a154 с.
_cил.
_d21
300 _aНа пер. авт. не указаны
320 _aБиблиогр.: с. 150-151 (24 назв.)
606 _aРуды
_xДобыча
_xТехника безопасности
_2psbo
700 1 _aБурлаков
_bВ. Н.
_gВасилий Николаевич
701 1 _aБирзул
_bА. М.
_gАлександр Михайлович
801 0 _aRU
_bNLR
_gpsbo
801 1 _aRU
_bELAR
_2rusmarc
852 _aNLR
_j67-3/4343
942 _cBOOK
980 _aNB